LA ADMINISTRACION POR OBJETIVOS Y LA INVESTIGACION DE OPERACIONES (Registro nro. 53205)
[ vista simple ]
| 000 -LEADER | |
|---|---|
| fixed length control field | 00897nam a2200217 a 4500 |
| 001 - CONTROL NUMBER | |
| control field | 53205 |
| 005 - DATE AND TIME OF LATEST TRANSACTION | |
| control field | 20180714043349.0 |
| 008 - FIXED-LENGTH DATA ELEMENTS--GENERAL INFORMATION | |
| fixed length control field | 140415s2008 mx 000 0 spa d |
| 020 ## - INTERNATIONAL STANDARD BOOK NUMBER | |
| International Standard Book Number | 9789706653291 |
| 041 ## - LANGUAGE CODE | |
| Language code of text/sound track or separate title | spa |
| 082 ## - DEWEY DECIMAL CLASSIFICATION NUMBER | |
| Classification number | 658.4012 |
| Item number | PAN |
| 100 1# - MAIN ENTRY--PERSONAL NAME | |
| Personal name | PANIAGUA BRAVO, VICTOR M. |
| 245 13 - TITLE STATEMENT | |
| Title | LA ADMINISTRACION POR OBJETIVOS Y LA INVESTIGACION DE OPERACIONES |
| 250 ## - EDITION STATEMENT | |
| Edition statement | 1a ed. |
| 260 ## - PUBLICATION, DISTRIBUTION, ETC. | |
| Place of publication, distribution, etc. | MEXICO : |
| Name of publisher, distributor, etc. | INSTITUTO MEXICANO DE CONTADORES PUBLICOS, |
| Date of publication, distribution, etc. | 2008 |
| 300 ## - PHYSICAL DESCRIPTION | |
| Extent | 125 |
| Dimensions | 16 x 0.6 x 22 |
| 490 ## - SERIES STATEMENT | |
| Series statement | COLECCION FISCAL |
| 520 ## - SUMMARY, ETC. | |
| Summary, etc. | ESTA OBRA ESTA DIRIGIDA AL HOMBRE DE NEGOCIOS QUE DESEA ADMINISTRAR SU EMPRESA DE MANERA ORTODOXA E INTELIGENTE, UTILIZANDO LA ADMINISTRACION POR OBJETIVOS Y LA INVESTIGACION DE OPERACIONES |
| 650 14 - SUBJECT ADDED ENTRY--TOPICAL TERM | |
| Topical term or geographic name entry element | ADMINISTRACION DE EMPRESAS |
| General subdivision | ADMINISTRACION POR OBJETIVOS |
| 700 1# - ADDED ENTRY--PERSONAL NAME | |
| Personal name | PANIAGUA PINTO, MIRIAM -PANIAGUA PINTO, ANGELES |
| Relator term | coaut. |
| Withdrawn status | Lost status | Source of classification or shelving scheme | Damaged status | Not for loan | Collection code | Home library | Current library | Shelving location | Date acquired | Source of acquisition | Inventory number | Total Checkouts | Full call number | Barcode | Date last seen | Date last checked out | Price effective from | Koha item type |
|---|---|---|---|---|---|---|---|---|---|---|---|---|---|---|---|---|---|---|
| Dewey Decimal Classification | General | Biblioteca Karol Wojtyla | Biblioteca Karol Wojtyla | Sala general | 03/12/2013 | Compra | 151000000000000000014678 | 658.4012 PAN | 79153 | 05/01/2026 | 13/01/2017 | 03/12/2013 | Libro |